Poznámky k dějinám filosofie. 5, Středověká islámská a židovská filosofie ; Filosofie renesance a reformace / Egon Bondy
Record details
- ISBN: 80-85239-30-2
- Physical Description: 221 s. ; 20 cm
- Publisher: Praha : Vokno, 1995
Content descriptions
| General Note: | Původní vyd. v samizdatu v samostatných sešitech Na tit. s. nesprávné označení čísla části: 4 |
| Bibliography, etc. Note: | Obsahuje bibliografické odkazy a rejstříky |
| Issuing Body Note: | Vydavatel: Sdružení na podporu vydávání časopisů |
Search for related items by subject
| Subject: | středověká filozofie islámská filozofie židovská filozofie islámská mystika židovská mystika kabala súfismus |
| Genre: | přehledy |
Available copies
- 2 of 2 copies available at Common Catalog SPOK.
Holds
- 0 current holds with 2 total copies.
Show Only Available Copies
| Location | Call Number / Copy Notes | Barcode | Shelving Location | Status | Due Date |
|---|---|---|---|---|---|
| Jabok Library | FL-3/Bo | 424480018313 | Odborná literatura | Available | - |
| The Jewish community of Prague | J 793 | 4638303687 | J - Judaika | Available | - |
| LDR | 02011nam a2200493 a 4500 | ||
|---|---|---|---|
| 001 | 12586 | ||
| 003 | CZ-PrJAB | ||
| 005 | 20190809093633.0 | ||
| 007 | tu | ||
| 008 | 951205s1995 xr e 001 0 cze | ||
| 015 | . | ‡acnb000110535 | |
| 020 | . | ‡a80-85239-30-2 ‡q(brož.) | |
| 035 | . | ‡a(CZ PrNK)cpk19950110535 | |
| 035 | . | ‡a(OCoLC)48069923 | |
| 040 | . | ‡aABA001 ‡bcze | |
| 072 | 7. | ‡a14(100)"04/14" ‡xStředověká filozofie ‡2Konspekt ‡95 | |
| 080 | . | ‡a14(100)"04/14" ‡2MRF | |
| 080 | . | ‡a14:28 ‡2MRF | |
| 080 | . | ‡a14(=411.16) ‡2MRF | |
| 080 | . | ‡a28-587 ‡2MRF | |
| 080 | . | ‡a26-587 ‡2MRF | |
| 080 | . | ‡a(048.8) ‡2MRF | |
| 100 | 1 | . | ‡aBondy, Egon, ‡d1930-2007 ‡7jk01012610 ‡4aut |
| 245 | 1 | 0. | ‡aPoznámky k dějinám filosofie. ‡n5, ‡pStředověká islámská a židovská filosofie ; Filosofie renesance a reformace / ‡cEgon Bondy |
| 260 | . | ‡aPraha : ‡bVokno, ‡c1995 | |
| 300 | . | ‡a221 s. ; ‡c20 cm | |
| 500 | . | ‡aPůvodní vyd. v samizdatu v samostatných sešitech | |
| 500 | . | ‡aNa tit. s. nesprávné označení čísla části: 4 | |
| 504 | . | ‡aObsahuje bibliografické odkazy a rejstříky | |
| 550 | . | ‡aVydavatel: Sdružení na podporu vydávání časopisů | |
| 650 | 0 | 7. | ‡astředověká filozofie ‡7ph126228 ‡2czenas |
| 650 | 0 | 7. | ‡aislámská filozofie ‡7ph121213 ‡2czenas |
| 650 | 0 | 7. | ‡ažidovská filozofie ‡7ph127987 ‡2czenas |
| 650 | 0 | 7. | ‡aislámská mystika ‡7ph121216 ‡2czenas |
| 650 | 0 | 7. | ‡ažidovská mystika ‡7ph127994 ‡2czenas |
| 650 | 0 | 7. | ‡akabala ‡7ph114852 ‡2czenas |
| 650 | 0 | 7. | ‡asúfismus ‡7ph126404 ‡2czenas |
| 655 | 7. | ‡apřehledy ‡7fd133202 ‡2czenas | |
| 700 | 1 | 2. | ‡aBondy, Egon, ‡d1930-2007. ‡tStředověká islámská a židovská filosofie |
| 700 | 1 | 2. | ‡aBondy, Egon, ‡d1930-2007. ‡tFilosofie renesance a reformace |
| 710 | 2 | . | ‡aSdružení na podporu vydávání časopisů ‡7ko2003174571 |
| 910 | . | ‡aABG312 | |
| 910 | . | ‡aABE461 | |
| 995 | . | ‡aska | |
| 901 | . | ‡a12586 ‡bCZ PrNK ‡c12586 ‡tbiblio | |